Longest-Tenured NBA Players By Team - Statistics

General Stats
  • This quiz has been taken 19 times
  • The average score is 15 of 30
Answer Stats
Hint Answer Since % Correct
Warriors Stephen Curry 2009
94%
Bucks Giannis Antetokounmpo 2013
88%
Heat Bam Adebayo 2017
81%
Suns Devin Booker 2015
81%
Celtics Jaylen Brown 2016
81%
Lakers LeBron James 2018
81%
Nuggets Nikola Jokic 2015
81%
Hawks Trae Young 2018
75%
Pelicans Zion Williamson 2019
75%
76ers Joel Embiid 2014
69%
Grizzlies Jaren Jackson Jr. 2018
63%
Raptors Scottie Barnes 2021
56%
Bulls Coby White 2019
50%
Cavaliers Darius Garland 2019
50%
Kings Domantas Sabonis 2022
50%
Clippers Ivaca Zubac 2019
44%
Thunder Luguentz Dort 2019
44%
Spurs Keldon Johnson 2019
38%
Hornets Miles Bridges 2018
38%
Knicks Mitchell Robinson 2018
38%
Timberwolves Naz Reid 2019
38%
Nets Nicolas Claxton 2019
38%
Mavericks Dwight Powell 2014
31%
Pacers TJ McConnell 2019
25%
Pistons Isaiah Stewart 2020
19%
Magic Jonathan Isaac 2017
19%
Jazz Walker Kessler 2022
19%
Trail Blazers Shaedon Sharpe 2022
13%
Rockets Jae'Sean Tate 2020
6%
Wizards Corey Kispert 2021
0%
No matching quizzes found
Score Distribution
Percent of People with Each Score
Percentile by Number Answered
Your Score History
You have not taken this quiz